LEADER 00610naa a2200133 i 4500 001 000000329753 003 CaOOAMICUS 005 20180831173626.0 008 180831n it u000 u ita u 013 $a41438 040 $aSeMil$bita 245 10$aMisericordia, didattica inclusiva e buone pratiche educative nel ciclo di vita. 773 0 $tEducati dalla misericordia.$dMilano : VP, Vita e pensiero, 2017.$kFilosofia. Ricerche$kFilosofia ed esperienza religiosa$z978-88-343-3372-3$gp.79-97$w()168862 996 $6245$aMisericordia, didattica inclusiva e buone pratiche educative nel ciclo di vita.$9(OLS)http://semarc/title/418220 LEADER 01104nam a2200265 i 4500 001 000000036312 003 CaOOAMICUS 005 20121126000000.0 008 121126s1990 it u000 u ita u 013 $a5660 020 $a88-7023-148-8 040 $aSeMil$bita 100 1 $aValentini, Giuseppe.$0(OLS)http://semarc/name/17092 245 13$aIl Duomo di Milano :$buna disputa medievale sul modello del tempio /$cGiuseppe Valentini. 260 $aMilano :$bNED,$c1990. 300 $a99 p. ;$c21 cm. 650 4$aMilano - Duomo.$0(OLS)http://semarc/subject/2739 650 4$aTempio - Liturgia.$0(OLS)http://semarc/subject/6916 650 4$aTempio - Spiritualitā.$0(OLS)http://semarc/subject/6917 850 $aSeMil 852 $aSeMil$W1$xVenegono$y1$m3O III 188$j2467$B2467$CSeMilBibl$Z2$F2467 $81 961 $aAcquisto: Āncora (Libreria) 996 $6020$a88-7023-148-8$9(OLS)http://semarc/number/4883 996 $6245$aIl Duomo di Milano :$buna disputa medievale sul modello del tempio$9(OLS)http://semarc/title/50193 996 $6260$aMilano :$bNED$9(OLS)http://semarc/publisher/30187